[Event "www.ChessWorld.net server game"]
[Site "www.ChessWorld.net "]
[Date "2007.6.10"]
[Round "NA"]
[White "whata kerfuffle"]
[Black "joselito"]
[Result "1-0"]
[Termination "Black king mated"]
[WhiteElo "1446"]
[BlackElo "1384"]
[Mode "ICS"]
[DateLastMove "2007.7.29"]
[Board "3805999"]

1.e4 e5 2.Nf3 Nc6 3.Bc4 Nf6 4.Nc3 Bb4 5.a3 Bc5 6.O-O O-O 7.d3 Nd4 8.Nd5 Nxd5 9.Bxd5 c6 10.Nxe5 cxd5 11.exd5 d6 12.Qh5 Qf6 13.Ng4 Bxg4 14.Qxg4 b5 15.c3 Nc2 16.Ra2 a5 17.b3 Qxc3 18.Bb2 Ne3 19.fxe3 Bxe3+ 20.Kh1 Qxb2 21.Rxb2 Rac8 22.h3 Rc3 23.Rf3 Rxd3 24.Rg3 g6 25.Qe4 Rd1+ 26.Kh2 Re1 27.Rxe3 Rxe3 28.Qxe3 Kg7 29.Qb6 h5 30.Qxd6 f5 31.Re2 b4 32.axb4 axb4 33.Re7+ Rf7 34.Qe5+ Kg8 35.Qe6 Kh7 36.Qxf7+ Kh6 37.h4 f4 38.Qh7+ {Black king mated} 1-0

[Event "www.ChessWorld.net server game"]
[Site "www.ChessWorld.net "]
[Date "2007.6.10"]
[Round "NA"]
[White "Roderick64"]
[Black "joselito"]
[Result "1-0"]
[Termination "Black king mated"]
[WhiteElo "1597"]
[BlackElo "1368"]
[Mode "ICS"]
[DateLastMove "2007.8.14"]
[Board "3806008"]

1.e4 e5 2.d4 Qe7 3.d5 Qc5 4.c3 Be7 5.Be3 Qd6 6.a3 Nf6 7.Bd3 O-O 8.h3 c6 9.dxc6 bxc6 10.b4 Ba6 11.Bxa6 Qxd1+ 12.Kxd1 Nxa6 13.f3 Nc7 14.a4 d5 15.exd5 cxd5 16.Na3 d4 17.cxd4 exd4 18.Bf4 Ne6 19.Be5 Bxb4 20.Nc2 Bc3 21.Ra3 Rad8 22.Bxf6 gxf6 23.Ne2 d3 24.Rxc3 dxe2+ 25.Kxe2 Nf4+ 26.Kf2 h5 27.h4 Rfe8 28.Re1 Rd2+ 29.Kf1 Rxe1+ 30.Kxe1 Rxg2 31.Rc4 Nd3+ 32.Kf1 Rf2+ 33.Kg1 Rd2 34.Ne3 Ne5 35.Rf4 Ng6 36.Rxf6 Nxh4 37.Rf4 Ng6 38.Rc4 Kg7 39.a5 Re2 40.Re4 Ra2 41.Nc4 f5 42.Rd4 h4 43.Rd7+ Kh6 44.Rxa7 h3 45.Ra8 f4 46.a6 h2+ 47.Kh1 Nh4 48.a7 Nxf3 49.Rh8+ Kg5 50.a8=Q Rxa8 51.Rxa8 Kg4 52.Kg2 Nh4+ 53.Kxh2 f3 54.Rf8 Ng2 55.Ne5+ Kh5 56.Nxf3 Nh4 57.Rh8+ Kg4 58.Nxh4 Kg5 59.Rf8 Kxh4 60.Rg8 Kh5 61.Kg3 Kh6 62.Kf4 Kh7 63.Rg5 Kh6 64.Kf5 Kh7 65.Kf6 Kh6 66.Rg1 Kh5 67.Rg2 Kh4 68.Kf5 Kh3 69.Rg7 Kh2 70.Kf4 Kh1 71.Kf3 Kh2 72.Rg6 Kh1 73.Kf2 Kh2 74.Rh6+ {Black king mated} 1-0

[Event "www.ChessWorld.net server game"]
[Site "www.ChessWorld.net "]
[Date "2007.6.10"]
[Round "NA"]
[White "Steve456"]
[Black "joselito"]
[Result "1-0"]
[Termination "Black king mated"]
[WhiteElo "1596"]
[BlackElo "1388"]
[Mode "ICS"]
[DateLastMove "2007.7.21"]
[Board "3806053"]

1.e4 e5 2.Nf3 Nc6 3.Bc4 Qe7 4.a3 Nf6 5.d3 h6 6.Nc3 Na5 7.h3 Nxc4 8.dxc4 c6 9.Be3 Qd8 10.Nxe5 Qe7 11.Bf4 Qe6 12.Nf3 Bc5 13.O-O O-O 14.Nh4 d5 15.exd5 cxd5 16.cxd5 Qd7 17.Qd3 Be7 18.Nf3 Bd6 19.Bxd6 Qxd6 20.Rae1 Bd7 21.Ne5 Bf5 22.Qd2 b6 23.Nb5 Qc5 24.Nc3 b5 25.b4 Qd6 26.Nc6 g5 27.Ne7+ Kh7 28.Nxf5 Qc7 29.Qd3 g4 30.Qe3 gxh3 31.Qxh6+ Kg8 32.Qg7+ {Black king mated} 1-0

[Event "www.ChessWorld.net server game"]
[Site "www.ChessWorld.net "]
[Date "2007.6.12"]
[Round "NA"]
[White "pieeater"]
[Black "joselito"]
[Result "1-0"]
[Termination "Black king mated"]
[WhiteElo "1421"]
[BlackElo "1435"]
[Mode "ICS"]
[DateLastMove "2007.7.18"]
[Board "3811276"]

1.d4 d5 2.e3 Nc6 3.c4 dxc4 4.Bxc4 Nf6 5.Nf3 g6 6.O-O Bg7 7.Re1 O-O 8.Nc3 b6 9.e4 e6 10.e5 Ng4 11.h3 Nh6 12.Bf4 Bb7 13.Qd2 Nb4 14.a3 Nd5 15.Bxh6 Nxc3 16.bxc3 Bxf3 17.gxf3 a6 18.Kh1 Qh4 19.Bxg7 Kxg7 20.Kh2 b5 21.Re4 Qd8 22.d5 bxc4 23.d6 cxd6 24.exd6 Qb8 25.Kg2 Qb5 26.d7 h6 27.Qd4+ e5 28.Rxe5 Qb8 29.Rb5+ Kg8 30.Rxb8 Raxb8 31.Rd1 a5 32.d8=Q Rfxd8 33.Qxd8+ Rxd8 34.Rxd8+ Kg7 35.Rd5 a4 36.Rc5 g5 37.Rxc4 Kg6 38.Rxa4 Kh5 39.c4 f5 40.c5 f4 41.c6 Kh4 42.c7 g4 43.hxg4 h5 44.c8=Q Kg5 45.Qd8+ Kg6 46.Qd6+ Kg5 47.Ra5+ Kh4 48.Qf6+ {Black king mated} 1-0

[Event "www.ChessWorld.net server game"]
[Site "www.ChessWorld.net "]
[Date "2007.6.12"]
[Round "NA"]
[White "Luc the Duke"]
[Black "joselito"]
[Result "1-0"]
[Termination "Black king mated"]
[WhiteElo "1257"]
[BlackElo "1411"]
[Mode "ICS"]
[DateLastMove "2007.8.10"]
[Board "3811304"]

1.d4 d5 2.c4 Nf6 3.cxd5 Qxd5 4.Nc3 Qd8 5.Bg5 e6 6.a3 Be7 7.Bxf6 Bxf6 8.e3 O-O 9.Nf3 Nc6 10.h3 b6 11.Bb5 Bb7 12.Bxc6 Bxc6 13.h4 Bxf3 14.Qxf3 Bxh4 15.O-O-O Qf6 16.Rh3 Bxf2 17.Qxf6 gxf6 18.Rf1 Bxe3+ 19.Rxe3 c5 20.dxc5 bxc5 21.g4 f5 22.gxf5 exf5 23.Rxf5 f6 24.Ne4 Rae8 25.Kd2 c4 26.Nxf6+ Kf7 27.Nxe8+ Kg6 28.Rxf8 c3+ 29.Rxc3 a5 30.Rc6+ Kg5 31.Rc5+ Kg6 32.Rf6+ {Black king mated} 1-0

[Event "www.ChessWorld.net server game"]
[Site "www.ChessWorld.net "]
[Date "2007.6.12"]
[Round "NA"]
[White "notverydeepblue"]
[Black "joselito"]
[Result "1-0"]
[Termination "Black king mated"]
[WhiteElo "1354"]
[BlackElo "1415"]
[Mode "ICS"]
[DateLastMove "2007.7.21"]
[Board "3811318"]

1.d4 d5 2.c4 dxc4 3.Nc3 Nc6 4.Nf3 Nf6 5.h3 e6 6.Bg5 Bb4 7.e3 b5 8.Qc2 Bxc3+ 9.bxc3 O-O 10.O-O-O Ne7 11.Bxf6 gxf6 12.g4 Ng6 13.h4 Qd5 14.Be2 a5 15.e4 Qd7 16.e5 f5 17.gxf5 exf5 18.Ng5 Bb7 19.h5 Bxh1 20.Rxh1 Qc6 21.Bf3 Qe8 22.hxg6 fxg6 23.Bd5+ Rf7 24.Bxf7+ Qxf7 25.Nxf7 Kxf7 26.Rxh7+ Ke6 27.Rh6 Kd5 28.Rxg6 a4 29.f3 a3 30.Qxf5 Rf8 31.Qxf8 b4 32.Qd8+ {Black king mated} 1-0

[Event "www.ChessWorld.net server game"]
[Site "www.ChessWorld.net "]
[Date "2007.6.12"]
[Round "NA"]
[White "Top Kat"]
[Black "joselito"]
[Result "1-0"]
[Termination "Black king mated"]
[WhiteElo "1361"]
[BlackElo "1430"]
[Mode "ICS"]
[DateLastMove "2007.8.10"]
[Board "3811332"]

1.e4 e5 2.Qf3 Nf6 3.a4 Bc5 4.Bc4 O-O 5.g4 d6 6.h3 b6 7.d3 Be6 8.Bxe6 fxe6 9.g5 Nfd7 10.Qg4 Qe7 11.h4 Qf7 12.Nh3 Bxf2+ 13.Nxf2 Nc6 14.c3 Qxf2+ 15.Kd1 Rf3 16.Qxe6+ Kf8 17.Nd2 Re3 18.Rf1 Re2 19.Rxf2+ Rxf2 20.Qxd7 Ne7 21.Qxc7 d5 22.exd5 Nxd5 23.Qd6+ Ne7 24.Qxe5 Ng6 25.Qd6+ Ne7 26.Ne4 Rf1+ 27.Kc2 Rh1 28.g6 hxg6 29.Qf4+ Nf5 30.Nd6 Ke7 31.Nxf5+ gxf5 32.Qe5+ Kf7 33.Qd5+ Kf6 34.Qxh1 Re8 35.Qc6+ Re6 36.Qd7 a5 37.Bg5+ Ke5 38.Qd4+ {Black king mated} 1-0

[Event "www.ChessWorld.net server game"]
[Site "www.ChessWorld.net "]
[Date "2007.6.12"]
[Round "NA"]
[White "Ironpig"]
[Black "joselito"]
[Result "1-0"]
[Termination "Black king mated"]
[WhiteElo "1401"]
[BlackElo "1350"]
[Mode "ICS"]
[DateLastMove "2007.6.28"]
[Board "3811388"]

1.d4 d5 2.c4 dxc4 3.e4 e6 4.a3 Nc6 5.Nf3 Bd6 6.Nc3 Nf6 7.e5 Bxe5 8.dxe5 Qxd1+ 9.Nxd1 Ne4 10.Bxc4 O-O 11.O-O h6 12.Re1 Ng5 13.Nxg5 hxg5 14.Bxg5 Nxe5 15.Rxe5 Bd7 16.Ne3 b6 17.b3 f6 18.Bxe6+ Bxe6 19.Rxe6 fxg5 20.h3 c5 21.Rg6 Rad8 22.Rxg5 Rd2 23.f3 Re8 24.Nf5 Rd7 25.Kf2 Kh7 26.Re1 Rd2+ 27.Kf1 Rf8 28.Re7 Rg8 29.Nxg7 Kh6 30.h4 Rd4 31.Re6+ Kh7 32.Nf5 Rxg5 33.Re7+ Kg6 34.Nxd4 Rh5 35.Nc6 Rh7 36.Rxh7 Kxh7 37.Nxa7 b5 38.Nxb5 c4 39.bxc4 Kh6 40.c5 Kh5 41.c6 Kxh4 42.c7 Kg3 43.c8=Q Kf4 44.a4 Ke3 45.a5 Kf4 46.a6 Kg3 47.a7 Kf4 48.a8=Q Ke3 49.Qe4+ Kd2 50.Qe2+ {Black king mated} 1-0

[Event "www.ChessWorld.net server game"]
[Site "www.ChessWorld.net "]
[Date "2007.6.12"]
[Round "NA"]
[White "Cougar40"]
[Black "joselito"]
[Result "1-0"]
[Termination "Black king mated"]
[WhiteElo "1260"]
[BlackElo "1461"]
[Mode "ICS"]
[DateLastMove "2007.8.3"]
[Board "3811416"]

1.e4 e5 2.Qf3 Nf6 3.c3 Bc5 4.Nh3 h6 5.Bc4 Nc6 6.O-O O-O 7.Na3 Bxa3 8.bxa3 b6 9.d4 d6 10.dxe5 dxe5 11.Qg3 Nxe4 12.Qf4 Be6 13.Qxe4 Na5 14.Bd3 Bxh3 15.Qh7+ {Black king mated} 1-0

[Event "www.ChessWorld.net server game"]
[Site "www.ChessWorld.net "]
[Date "2007.7.20"]
[Round "NA"]
[White "newport county afc"]
[Black "joselito"]
[Result "1-0"]
[Termination "Black king mated"]
[WhiteElo "1436"]
[BlackElo "1440"]
[Mode "ICS"]
[DateLastMove "2007.9.5"]
[Board "3926072"]

1.e4 e5 2.Nf3 Nc6 3.Nc3 Nf6 4.Bb5 Bc5 5.Bxc6 dxc6 6.Nxe5 O-O 7.d3 Bd4 8.Nf3 Bg4 9.O-O Bxc3 10.bxc3 c5 11.Bb2 b5 12.Re1 b4 13.cxb4 cxb4 14.Rb1 c5 15.Qd2 Bxf3 16.gxf3 Nh5 17.Kf1 Qh4 18.Be5 Nf6 19.Bg3 Qh3+ 20.Kg1 h5 21.Re3 h4 22.Be5 Rfe8 23.f4 Qe6 24.Kg2 Qg4+ 25.Kf1 h3 26.f3 Qg6 27.f5 Qh6 28.Re2 Rxe5 29.Qxh6 gxh6 30.Re3 a5 31.f4 Ng4 32.Rg3 h5 33.fxe5 Kf8 34.e6 Nxh2+ 35.Ke2 Ng4 36.Rxh3 fxe6 37.Rxh5 Ke7 38.Rh7+ Kd6 39.Rg7 exf5 40.exf5 Re8+ 41.Kf3 Ne5+ 42.Kf4 Nd7 43.Kg5 Re2 44.Rc1 Rg2+ 45.Kh6 Rh2+ 46.Kg6 Rg2+ 47.Kf7 Ne5+ 48.Kg8 Re2 49.f6 a4 50.f7 Nxf7 51.Kxf7 Kd5 52.Rg5+ Kd4 53.Rg4+ Kc3 54.Re4 Rf2+ 55.Ke6 Kb2 56.Ree1 Kxa2 57.Ra1+ Kb2 58.Rxa4 Kc3 59.Ra5 c4 60.Rc5 Kxc2 61.dxc4 b3 62.Rb5 Rh2 63.c5 Rh8 64.Re2+ Kc3 65.Re3+ Kc4 66.Rexb3 Re8+ 67.Kd7 Rh8 68.c6 Rh7+ 69.Kc8 Rh8+ 70.Kb7 Rh7+ 71.c7 Kd4 72.Kb8 Rh8+ 73.c8=Q Rh7 74.Qg4+ {Black king mated} 1-0

[Event "www.ChessWorld.net server game"]
[Site "www.ChessWorld.net "]
[Date "2007.7.20"]
[Round "NA"]
[White "woodpusher001"]
[Black "joselito"]
[Result "1-0"]
[Termination "Black resigned"]
[WhiteElo "1441"]
[BlackElo "1442"]
[Mode "ICS"]
[DateLastMove "2007.9.3"]
[Board "3926108"]

1.d4 Nf6 2.Nc3 d6 3.e4 e5 4.Bg5 Be7 5.dxe5 dxe5 6.Qxd8+ Bxd8 7.O-O-O O-O 8.h3 c6 9.Nf3 Be6 10.b3 Nbd7 11.Bc4 Bxc4 12.bxc4 Bb6 13.Bxf6 Nxf6 14.Nxe5 Bxf2 15.Nd7 Nxd7 16.Rxd7 Rab8 17.Rhd1 Bh4 18.g4 g6 19.Kb1 Bf6 20.Na4 b5 21.cxb5 cxb5 22.Nc5 Rbd8 23.Rxd8 Bxd8 24.e5 Bh4 25.e6 Be7 26.exf7+ Kxf7 27.Rf1+ Kg7 28.Ne6+ Kg8 29.Nxf8 a5 30.a4 Bxf8 31.axb5 Bc5 32.Rd1 a4 33.Rd8+ Kg7 34.Ra8 a3 35.Ka2 Kh6 36.Rxa3 Kg5 37.c4 Kh4 38.Rd3 h6 39.Rd7 g5 40.Rh7 Kxh3 41.Rxh6+ Kxg4 42.b6 Kf4 43.b7 Ba7 44.Rh8 g4 45.c5 g3 46.b8=Q+ Bxb8 47.Rxb8 Kf3 48.Rb3+ Kf2 49.Rxg3 Kxg3 {Black resigned} 1-0

[Event "www.ChessWorld.net server game"]
[Site "www.ChessWorld.net "]
[Date "2007.7.20"]
[Round "NA"]
[White "yogi 58"]
[Black "joselito"]
[Result "1-0"]
[Termination "Black resigned"]
[WhiteElo "1570"]
[BlackElo "1365"]
[Mode "ICS"]
[DateLastMove "2007.7.27"]
[Board "3926120"]

1.e4 e5 2.Nf3 f6 3.a3 Nc6 4.Nc3 b6 5.Bb5 Bb7 6.Bxc6 Bxc6 7.d3 d6 8.h3 Be7 9.Be3 a5 10.Nh4 d5 11.exd5 Bxd5 12.Nf5 Bxg2 13.Rh2 Bc6 14.Nxg7+ Kf7 15.Nf5 Bf8 16.Qh5+ Ke6 17.O-O-O Be8 18.Qg4 h5 19.Nd4+ Kd6 20.Qe6+ Kc5 21.Nc6+ {Black resigned} 1-0

[Event "www.ChessWorld.net server game"]
[Site "www.ChessWorld.net "]
[Date "2007.7.20"]
[Round "NA"]
[White "Sparkeman"]
[Black "joselito"]
[Result "1-0"]
[Termination "Black king mated"]
[WhiteElo "1478"]
[BlackElo "1403"]
[Mode "ICS"]
[DateLastMove "2007.9.8"]
[Board "3926132"]

1.e4 e5 2.Nf3 Nc6 3.c3 Bc5 4.b4 Bb6 5.a4 a5 6.b5 Nce7 7.Nxe5 Nf6 8.f3 O-O 9.d4 d6 10.Nd3 c6 11.Nf4 c5 12.Bc4 cxd4 13.cxd4 d5 14.exd5 Nexd5 15.Bxd5 Bc7 16.Bc4 Bxf4 17.Bxf4 b6 18.O-O Be6 19.Bxe6 fxe6 20.Be5 h6 21.Nc3 Rc8 22.Qd3 Nd5 23.Nxd5 exd5 24.Rfe1 Qe7 25.Qb3 Qh4 26.Qxd5+ Kh7 27.Re4 Rc2 28.Rxh4 Rfc8 29.Qd7 Kg6 30.Qxg7+ Kf5 31.Qg4+ {Black king mated} 1-0

[Event "www.ChessWorld.net server game"]
[Site "www.ChessWorld.net "]
[Date "2007.7.20"]
[Round "NA"]
[White "ccb1946"]
[Black "joselito"]
[Result "1-0"]
[Termination "Black resigned"]
[WhiteElo "1498"]
[BlackElo "1411"]
[Mode "ICS"]
[DateLastMove "2007.8.12"]
[Board "3926156"]

1.e3 e5 2.b3 Nf6 3.Bb2 Nc6 4.Bb5 Bc5 5.Bxc6 dxc6 6.Bxe5 O-O 7.Nf3 a6 8.Nc3 b5 9.a4 Bg4 10.axb5 cxb5 11.O-O b4 12.Na4 Bd6 13.c3 Bxf3 14.Qxf3 Bxe5 15.Rfd1 Qd6 16.g3 bxc3 17.dxc3 Qb6 18.Nxb6 Ra7 19.Rac1 cxb6 20.Qc6 h6 21.Qxb6 Raa8 22.Ra1 Bxc3 23.Rac1 Ne4 24.Qc6 f5 25.f3 Rfc8 26.Qe6+ Kh8 27.fxe4 Rc7 28.Qxf5 a5 29.Rd7 Rxd7 30.Qxd7 Bb2 31.Rc8+ Rxc8 32.Qxc8+ Kh7 33.Qf5+ Kh8 34.Qxa5 Kh7 35.e5 Kh8 36.e6 Bc1 37.e7 Bxe3+ 38.Kg2 Kg8 {Black resigned} 1-0

[Event "www.ChessWorld.net server game"]
[Site "www.ChessWorld.net "]
[Date "2007.7.20"]
[Round "NA"]
[White "SNARF17WD"]
[Black "joselito"]
[Result "1-0"]
[Termination "Black resigned"]
[WhiteElo "1281"]
[BlackElo "1388"]
[Mode "ICS"]
[DateLastMove "2007.8.17"]
[Board "3926168"]

1.e4 e5 2.Qf3 Nf6 3.g4 Bb4 4.c3 Bc5 5.Bc4 c6 6.g5 O-O 7.gxf6 Qxf6 8.Qxf6 gxf6 9.d3 d5 10.exd5 cxd5 11.Bxd5 Nd7 12.Bh6 Rd8 13.Nf3 Nb6 14.Be4 Bg4 15.Nh4 Rab8 16.Nd2 Bf8 17.Rg1 Bxh6 18.Rxg4+ Bg7 19.O-O-O h5 20.Rg3 Kh8 21.Nb3 Rg8 22.Kb1 Nd7 23.Rdg1 b5 24.Nf5 Kh7 25.Ne7+ f5 26.Bxf5+ Kh8 27.Rh3 Nf6 28.Nd5 Nxd5 29.Rxh5+ {Black resigned} 1-0

[Event "www.ChessWorld.net server game"]
[Site "www.ChessWorld.net "]
[Date "2007.7.20"]
[Round "NA"]
[White "SpartanWarrior"]
[Black "joselito"]
[Result "1-0"]
[Termination "Black resigned"]
[WhiteElo "1457"]
[BlackElo "1445"]
[Mode "ICS"]
[DateLastMove "2007.8.9"]
[Board "3926180"]

1.d4 Nf6 2.Nc3 d5 3.g3 Bg4 4.f3 Bf5 5.g4 Nc6 6.gxf5 e6 7.fxe6 fxe6 8.e3 Bb4 9.Bd2 O-O 10.a3 Bxc3 11.Bxc3 a5 12.Bb5 Ne7 13.Ne2 Ng6 14.Qd2 c6 15.Bd3 a4 16.h4 b5 17.Bb4 Ne7 18.O-O-O Rc8 19.Nf4 Qc7 20.Nxe6 Qb7 21.Nxf8 Kxf8 22.Qg2 Kg8 23.Rhg1 Ng6 24.Bxg6 hxg6 25.Qxg6 Re8 26.h5 Rxe3 27.h6 Ne8 28.Bd2 Re7 29.Bb4 Kh8 30.Bxe7 Qxe7 31.Rde1 Qd7 32.Rxe8+ {Black resigned} 1-0

[Event "www.ChessWorld.net server game"]
[Site "www.ChessWorld.net "]
[Date "2007.7.27"]
[Round "NA"]
[White "hardstyle"]
[Black "joselito"]
[Result "1-0"]
[Termination "Black king mated"]
[WhiteElo "2316"]
[BlackElo "1533"]
[Mode "ICS"]
[DateLastMove "2007.11.25"]
[Board "3947338"]

1.c4 e5 2.g3 Bc5 3.Bg2 Nf6 4.e3 O-O 5.Ne2 d6 6.O-O Nc6 7.d4 exd4 8.exd4 Bb6 9.Nbc3 a5 10.a3 Ne7 11.Bg5 Ng6 12.Nd5 Ba7 13.Nec3 c6 14.Nxf6+ gxf6 15.Bh6 Re8 16.Qd2 Bb8 17.Rae1 Rxe1 18.Rxe1 f5 19.Nd5 cxd5 20.Qg5 f6 21.Bxd5+ Kh8 22.Re8+ Qxe8 23.Qxf6+ {Black king mated} 1-0

[Event "www.ChessWorld.net server game"]
[Site "www.ChessWorld.net "]
[Date "2007.7.27"]
[Round "NA"]
[White "Brianstar"]
[Black "joselito"]
[Result "1-0"]
[Termination "Black king mated"]
[WhiteElo "1109"]
[BlackElo "1405"]
[Mode "ICS"]
[DateLastMove "2007.8.30"]
[Board "3947345"]

1.e4 e5 2.d4 f5 3.exf5 e4 4.Nc3 d5 5.Bb5+ c6 6.Be2 Bb4 7.Bh5+ g6 8.fxg6 hxg6 9.Bxg6+ Kf8 10.f3 Qg5 11.Bxg5 Kg7 12.fxe4 Kxg6 13.Nf3 Bg4 14.Ne5+ Kh5 15.Qxg4+ {Black king mated} 1-0

[Event "www.ChessWorld.net server game"]
[Site "www.ChessWorld.net "]
[Date "2007.7.27"]
[Round "NA"]
[White "Al the Hammer"]
[Black "joselito"]
[Result "1-0"]
[Termination "Black resigned"]
[WhiteElo "2176"]
[BlackElo "1480"]
[Mode "ICS"]
[DateLastMove "2007.12.5"]
[Board "3947352"]

1.d4 Nf6 2.Nf3 d6 3.c3 c5 4.e3 Nc6 5.Bd3 b6 6.Nbd2 e5 7.dxe5 dxe5 8.Bb5 Bd7 9.O-O Be7 10.Bxc6 Bxc6 11.Nxe5 Bb7 12.Nef3 O-O 13.Qc2 Ng4 14.h3 Nf6 15.Rd1 h6 16.b3 Bxf3 17.Nxf3 Ne4 18.Rxd8 Raxd8 19.Qxe4 Rfe8 20.Bb2 Bf6 21.Qc2 a5 22.c4 Bxb2 23.Qxb2 Re7 24.Kf1 f6 25.Ke2 g5 26.Rd1 Rxd1 27.Kxd1 Kg7 28.Qd2 h5 29.Qd6 Rb7 30.Qc6 {Black resigned} 1-0

[Event "www.ChessWorld.net server game"]
[Site "www.ChessWorld.net "]
[Date "2007.7.27"]
[Round "NA"]
[White "Benny78"]
[Black "joselito"]
[Result "1-0"]
[Termination "Black king mated"]
[WhiteElo "2481"]
[BlackElo "1376"]
[Mode "ICS"]
[DateLastMove "2007.10.5"]
[Board "3947373"]

1.e4 e5 2.Nf3 Nc6 3.d4 exd4 4.Nxd4 Nxd4 5.Qxd4 Qe7 6.Nc3 c6 7.Bc4 Nf6 8.O-O b5 9.Bd3 b4 10.Na4 Bb7 11.e5 Nd5 12.Re1 g6 13.e6 Rg8 14.exd7+ Kxd7 15.Rxe7+ Bxe7 16.Bc4 Bd6 17.Bxd5 Rge8 18.Bxc6+ Kxc6 19.Bf4 Bxf4 20.Rd1 Be5 21.Qc4+ {Black king mated} 1-0

[Event "www.ChessWorld.net server game"]
[Site "www.ChessWorld.net "]
[Date "2007.8.3"]
[Round "NA"]
[White "Chairboy"]
[Black "joselito"]
[Result "1-0"]
[Termination "Black king mated"]
[WhiteElo "1864"]
[BlackElo "1471"]
[Mode "ICS"]
[DateLastMove "2007.12.10"]
[Board "3971601"]

1.e4 e5 2.Nf3 Bc5 3.Nc3 Nf6 4.Bc4 d6 5.O-O O-O 6.d3 Nbd7 7.a3 h6 8.b4 a6 9.bxc5 Nxc5 10.Be3 b5 11.Bxc5 Be6 12.Bxe6 fxe6 13.Be3 Qe7 14.d4 exd4 15.Bxd4 e5 16.Be3 c6 17.Qd2 d5 18.exd5 cxd5 19.Nxd5 Nxd5 20.Qxd5+ Kh7 21.Nxe5 Rad8 22.Qe4+ Kg8 23.f4 Qe6 24.Bc5 Rf6 25.Rae1 Rd2 26.Qa8+ Kh7 27.Qe4+ Rf5 28.g4 Qf6 29.Qxf5+ Qxf5 30.gxf5 Rxc2 31.Ng6 Rxc5 32.Ne5 a5 33.Rc1 Rd5 34.Rc7 b4 35.axb4 axb4 36.f6 h5 37.Rxg7+ Kh6 38.Nf7+ {Black king mated} 1-0

[Event "www.ChessWorld.net server game"]
[Site "www.ChessWorld.net "]
[Date "2007.8.3"]
[Round "NA"]
[White "wubbyduk"]
[Black "joselito"]
[Result "1-0"]
[Termination "Black resigned"]
[WhiteElo "1940"]
[BlackElo "1471"]
[Mode "ICS"]
[DateLastMove "2007.12.5"]
[Board "3971615"]

1.b3 e5 2.Bb2 Nc6 3.e3 Bb4 4.a3 Bc5 5.Bb5 Nf6 6.Bxc6 dxc6 7.Bxe5 O-O 8.d4 Bd6 9.Bxd6 cxd6 10.c4 b6 11.Nc3 Bb7 12.Qf3 d5 13.Nge2 dxc4 14.bxc4 Qd7 15.O-O c5 16.d5 Bc8 17.Rfd1 Bb7 18.Ne4 Ng4 19.h3 Ne5 20.Qg3 Nxc4 21.Nf6+ Kh8 22.Nxd7 Nb2 23.Nxf8 Nxd1 24.Rxd1 Rxf8 25.Qc7 Ba6 26.Nf4 Rc8 27.Qxf7 Ra8 28.Ne6 {Black resigned} 1-0

[Event "www.ChessWorld.net server game"]
[Site "www.ChessWorld.net "]
[Date "2007.8.3"]
[Round "NA"]
[White "eink"]
[Black "joselito"]
[Result "1-0"]
[Termination "Black king mated"]
[WhiteElo "1935"]
[BlackElo "1495"]
[Mode "ICS"]
[DateLastMove "2007.11.3"]
[Board "3971643"]

1.d4 e6 2.c4 c6 3.Nc3 Bb4 4.a3 Bxc3+ 5.bxc3 Nf6 6.Nf3 O-O 7.e3 d5 8.Bd3 Qe7 9.O-O dxc4 10.Bxc4 Qd6 11.Qc2 Ng4 12.h3 Nf6 13.e4 b5 14.Ba2 Nbd7 15.e5 Nxe5 16.Nxe5 Bb7 17.Bg5 c5 18.Bb1 Qd5 19.f3 cxd4 20.Bxf6 gxf6 21.Qxh7+ {Black king mated} 1-0

[Event "www.ChessWorld.net server game"]
[Site "www.ChessWorld.net "]
[Date "2007.8.3"]
[Round "NA"]
[White "tynome"]
[Black "joselito"]
[Result "1-0"]
[Termination "Black king mated"]
[WhiteElo "1286"]
[BlackElo "1432"]
[Mode "ICS"]
[DateLastMove "2007.9.8"]
[Board "3971671"]

1.e4 c5 2.Bc4 Nc6 3.Nf3 e5 4.c3 Nf6 5.Ng5 d5 6.exd5 Nxd5 7.Qf3 Be6 8.Na3 Nf6 9.Bxe6 fxe6 10.Nxe6 Qe7 11.Qh3 b6 12.O-O Nd8 13.Ng5 Ne6 14.Nxe6 Nd7 15.Nc7+ Kd8 16.Nxa8 e4 17.Qg3 Qf6 18.Qc7+ Ke8 19.Re1 Bd6 20.Rxe4+ Ne5 21.Qc8+ Qd8 22.Qe6+ Kf8 23.Rf4+ Nf7 24.Qxf7+ {Black king mated} 1-0

[Event "www.ChessWorld.net server game"]
[Site "www.ChessWorld.net "]
[Date "2007.8.3"]
[Round "NA"]
[White "kenny_israeli_guy"]
[Black "joselito"]
[Result "1-0"]
[Termination "Black resigned"]
[WhiteElo "1475"]
[BlackElo "1401"]
[Mode "ICS"]
[DateLastMove "2007.9.1"]
[Board "3971699"]

1.e4 e5 2.Nf3 Nc6 3.c3 Bc5 4.d4 exd4 5.cxd4 Bb4+ 6.Bd2 Bxd2+ 7.Qxd2 Qe7 8.Bc4 Qxe4+ 9.Qe2 Qxe2+ 10.Kxe2 f5 11.Re1 Nf6 12.Kf1+ Ne7 13.Nc3 d6 14.Ng5 Rf8 15.Nb5 Kd7 16.Rac1 a6 17.Nc3 d5 18.Bd3 h6 19.Nf3 f4 20.Re2 b6 21.Rce1 Nc6 22.Bf5+ Kd6 23.Bxc8 Raxc8 24.Re6+ Kd7 25.Nh4 Nxd4 26.Re7+ Kc6 27.Rxg7 Nc2 28.Re6+ Kb7 29.Nf5 Rfe8 30.Rxe8 Rxe8 31.f3 Re1+ 32.Kf2 Ne8 33.Rg6 h5 34.Nxd5 Re5 35.Nfe7 Ne3 36.Nxf4 Nd1+ 37.Kg3 Rxe7 38.Nxh5 Nxb2 39.h4 Nc4 40.Kg4 Ne5+ 41.Kg5 Nxg6 42.Kxg6 c5 43.g4 c4 44.Nf4 Re3 45.g5 Re7 46.h5 Rg7+ 47.Kf5 Kc7 48.Ne6+ Kd7 49.Nxg7 Nxg7+ 50.Kg6 Ne6 51.h6 Nf8+ 52.Kf7 Nh7 53.g6 Ng5+ 54.Kg8 Ke7 55.h7 {Black resigned} 1-0

[Event "www.ChessWorld.net server game"]
[Site "www.ChessWorld.net "]
[Date "2007.8.3"]
[Round "NA"]
[White "virgoman"]
[Black "joselito"]
[Result "1-0"]
[Termination "Black resigned"]
[WhiteElo "1675"]
[BlackElo "1529"]
[Mode "ICS"]
[DateLastMove "2007.12.30"]
[Board "3971713"]

1.e4 c5 2.a4 Nc6 3.c3 e5 4.Bb5 a6 5.Bxc6 bxc6 6.c4 Nf6 7.Nc3 d5 8.exd5 cxd5 9.Qe2 d4 10.Nd5 Nxd5 11.cxd5 Qxd5 12.Nf3 Bd6 13.d3 O-O 14.Ra3 c4 15.dxc4 Qa5+ 16.Bd2 Qc5 17.O-O e4 18.Qxe4 Qxc4 19.Qxa8 Bxa3 20.bxa3 Bg4 21.Qe4 Qe6 22.Qxe6 fxe6 23.Nxd4 e5 24.Nc6 Bd7 25.Nxe5 Bxa4 26.f4 Bb5 27.Bb4 Bxf1 28.Bxf8 Kxf8 29.Kxf1 g6 30.a4 Kg7 31.Kf2 a5 32.Nc6 h5 33.Nxa5 Kf6 {Black resigned} 1-0

[Event "www.ChessWorld.net server game"]
[Site "www.ChessWorld.net "]
[Date "2007.8.3"]
[Round "NA"]
[White "Harold Hill Rob"]
[Black "joselito"]
[Result "1-0"]
[Termination "Black resigned"]
[WhiteElo "1625"]
[BlackElo "1477"]
[Mode "ICS"]
[DateLastMove "2007.11.28"]
[Board "3971727"]

1.e4 c5 2.Bc4 Nc6 3.Nf3 e5 4.d3 h6 5.c3 d6 6.Bd5 Be6 7.Bxe6 fxe6 8.O-O Qc7 9.b3 O-O-O 10.Re1 g5 11.h3 Bg7 12.Bb2 d5 13.Nbd2 Nf6 14.exd5 exd5 15.d4 exd4 16.cxd4 Ne4 17.Nxe4 Qf4 18.Nxc5 Qf7 19.Ne6 Rde8 20.Nxg7 Rxe1+ 21.Qxe1 Qxg7 22.Qe6+ Kc7 23.Qxd5 Rd8 24.Qe4 Rd7 25.Rb1 h5 26.d5 Qh6 27.dxc6 bxc6 28.Qe5+ Rd6 29.Qxg5 Qxg5 30.Nxg5 Rd2 31.Ne4 Kb6 32.Nxd2 {Black resigned} 1-0

[Event "www.ChessWorld.net server game"]
[Site "www.ChessWorld.net "]
[Date "2007.8.3"]
[Round "NA"]
[White "stagon"]
[Black "joselito"]
[Result "1-0"]
[Termination "Black resigned"]
[WhiteElo "1960"]
[BlackElo "1479"]
[Mode "ICS"]
[DateLastMove "2007.11.28"]
[Board "3971755"]

1.e4 e5 2.Nf3 d6 3.h3 Nf6 4.d3 c5 5.Nc3 Be7 6.Bg5 O-O 7.Be2 b6 8.Nd5 Nxd5 9.exd5 Bb7 10.c4 Bxg5 11.Nxg5 Qxg5 12.O-O Nd7 13.Bg4 Nf6 14.Bf3 a6 15.Qb3 Nh5 16.Bxh5 Qxh5 17.Qxb6 Bc8 18.Qxd6 Qg5 19.Kh2 Qf4+ 20.g3 Qf3 21.Qxe5 Bb7 22.Qe4 Qxe4 23.dxe4 a5 24.a4 Rfe8 25.f3 f5 26.Rae1 fxe4 27.fxe4 Bc8 28.e5 h6 29.b3 Bb7 30.e6 Rf8 31.g4 Rxf1 32.Rxf1 g5 33.d6 Bc6 34.d7 Bxd7 35.exd7 Kg7 36.Rf5 Kg6 37.Rxc5 Kf6 38.Rc8 Ke7 39.Rxa8 Kxd7 40.Rh8 Kd6 41.Rxh6+ Ke5 42.Ra6 Kd4 43.Rxa5 Kc3 44.Rxg5 Kxb3 45.a5 {Black resigned} 1-0